| 000 | 00000cas 2200000zi 4500 |
| 001 | 9.931409 |
| 003 | CaOODSP |
| 005 | 20260417120027 |
| 006 | m o d f |
| 007 | cr ||||||||||| |
| 008 | 231213c20139999bcctr p o f0###a0eng|d |
| 040 | |aCaOODSP|beng|erda|cCaOODSP |
| 043 | |an-cn--- |
| 086 | 1 |aIu85-13E-PDF |
| 110 | 2 |aCanadian Tourism Commission.|eauthor,|eissuing body. |
| 245 | 10|aQuarterly financial report for the quarter ending ... |
| 264 | 1|a[Vancouver] : |bCanadian Tourism Commission, |c[2013]- |
| 310 | |aThree times a year |
| 336 | |atext|btxt|2rdacontent |
| 337 | |acomputer|bc|2rdamedia |
| 338 | |aonline resource|bcr|2rdacarrier |
| 362 | 1 |aBegan with : March 31, 2013. |
| 500 | |aIssued also in French under title: Rapport financier trimestriel pour le trimestre terminé ... |
| 588 | |aDescription based on: March 31, 2014. |
| 588 | |aLatest issue consulted: June 30, 2023. |
| 610 | 20|aCanadian Tourism Commission.|vPeriodicals. |
| 650 | 0|aFinance, Public|zCanada|vPeriodicals. |
| 655 | 7|aPeriodicals|2lcgft |
| 775 | 08|tRapport financier trimestriel pour le trimestre terminé ... |w(CaOODSP)9.931418 |